000 00909nam a22002531i 4500
003 SA-RiAUC
005 20250104053913.0
008 250102s2002 su g 000 0 ara c
040 _aSA-JeALM
_bara
_cSA-RiAUC
_erda
082 0 4 _a251
090 _a251
_bش ي ل
100 1 _aالشيلخاني، عمر بن عبد العزيز،
_d1944-2010
_eمؤلف.
245 1 2 _aالنقص من النص /
_cعمر بن عبد العزيز الشيلخاني.
250 _aالطبعة الاولى.
264 1 _aالرياض :
_bأضواء السلف،
_c2002
300 _a396 صفحة
_c24 سم
336 _aنص
_btxt
_2rdacontent
_3كتاب
337 _aبدون وسيط
_bn
_2rdamedia
338 _aمجلد
_bnc
_2rdacarrier
650 7 _aأصول الفقه الإسلامي
_2aucsh
650 7 _aالفقه الإسلامي
_2aucsh
942 _2ddc
_cBOOK
_n0
949 _aSA-JeALM
_d250102
_uosman123
_n1
999 _c4409
_d4409